<?xml version="1.0" encoding="UTF-8"?>
<record
    xmlns:xsi="http://www.w3.org/2001/XMLSchema-instance"
    xsi:schemaLocation="http://www.loc.gov/MARC21/slim http://www.loc.gov/standards/marcxml/schema/MARC21slim.xsd"
    xmlns="http://www.loc.gov/MARC21/slim">

  <leader>02944cam a2200349 a 4500</leader>
  <controlfield tag="003">EG-GiCUC</controlfield>
  <controlfield tag="005">20250223032619.0</controlfield>
  <controlfield tag="008">201025s2020    ua dh  f m    000 0 eng d</controlfield>
  <datafield tag="040" ind1=" " ind2=" ">
    <subfield code="a">EG-GiCUC</subfield>
    <subfield code="b">eng</subfield>
    <subfield code="c">EG-GiCUC</subfield>
  </datafield>
  <datafield tag="041" ind1="0" ind2=" ">
    <subfield code="a">eng</subfield>
  </datafield>
  <datafield tag="049" ind1=" " ind2=" ">
    <subfield code="a">Deposite </subfield>
  </datafield>
  <datafield tag="097" ind1=" " ind2=" ">
    <subfield code="a">Ph.D</subfield>
  </datafield>
  <datafield tag="099" ind1=" " ind2=" ">
    <subfield code="a">Cai01.11.05.Ph.D.2020.Jo.V</subfield>
  </datafield>
  <datafield tag="100" ind1="0" ind2=" ">
    <subfield code="a">John Malaty Fouad Abdelmesseh</subfield>
  </datafield>
  <datafield tag="245" ind1="1" ind2="0">
    <subfield code="a">Validation of sts score for Egyptian cabg patients / </subfield>
    <subfield code="c">John Malaty Fouad Abdelmesseh ; Supervied Magued Abdelmesseh Zikri , Waleed Gamal Eldin Abosenna , Ahmed Salah Eldin Fouad</subfield>
  </datafield>
  <datafield tag="246" ind1="1" ind2="5">
    <subfield code="a">&#x62F;&#x631;&#x627;&#x633;&#x629; &#x645;&#x62F;&#x649; &#x643;&#x641;&#x627;&#x621;&#x629; &#x648;&#x635;&#x644;&#x627;&#x62D;&#x64A;&#x629; &#x646;&#x638;&#x627;&#x645; &#x62C;&#x645;&#x639;&#x64A;&#x629; &#x62C;&#x631;&#x627;&#x62D;&#x649; &#x627;&#x644;&#x642;&#x644;&#x628;(&#x625;&#x633;-&#x62A;&#x649;-&#x625;&#x633;) &#x641;&#x649; &#x62A;&#x642;&#x64A;&#x64A;&#x645; &#x648;&#x62A;&#x648;&#x642;&#x639; &#x645;&#x62E;&#x627;&#x637;&#x631; &#x62C;&#x631;&#x627;&#x62D;&#x629; &#x627;&#x644;&#x642;&#x644;&#x628; &#x641;&#x649; &#x645;&#x631;&#x636;&#x649; &#x634;&#x631;&#x627;&#x64A;&#x64A;&#x646; &#x627;&#x644;&#x642;&#x644;&#x628; &#x627;&#x644;&#x645;&#x635;&#x631;&#x64A;&#x64A;&#x646; </subfield>
  </datafield>
  <datafield tag="260" ind1=" " ind2=" ">
    <subfield code="a">Cairo : </subfield>
    <subfield code="b">John Malaty Fouad Abdelmesseh , </subfield>
    <subfield code="c">2020</subfield>
  </datafield>
  <datafield tag="300" ind1=" " ind2=" ">
    <subfield code="a">250 P. : </subfield>
    <subfield code="b">charts , facimiles ; </subfield>
    <subfield code="c">25cm </subfield>
  </datafield>
  <datafield tag="502" ind1=" " ind2=" ">
    <subfield code="a">Thesis (Ph.D.) - Cairo University - Faculty of Medicine - Department of Cardiothoracic Sugery</subfield>
  </datafield>
  <datafield tag="520" ind1=" " ind2=" ">
    <subfield code="a">Background: CABG has been established as the standard treatment of complex CAD. Prognostic models have been adopted in medical guidelines and are now widely used to assess risk and guide therapy.We applied STS scoring system to patients undergoing CABG to evaluate their predictive performance of early mortality and morbidities . Methods:  In the period between septemper 2018and june 2020, we evaluated 100 patients who underwent CABG at the Kasr AL Ainy hospitals. STS values were calculated for the patients who were fall in the isolated CABG model of the STS risk models using the STS calculator v2.9 available online The area under a receiver operating characteristic (ROC) curve, was used to represent the discriminative power of the scoring system and The Hosmer-Lemeshow statistic was used to assess calibration. Results: STS model showed good discriminationpower and good calibration in Hosmer and Lemeshow Test in predicting mortality ,morbidity, renal failure,neurological complications, DSW infection and long length of stay. Also it showed bad calibration in predicting prolonged ventilation. However, it could not be assessed for reoperation and short length of stay because there was no events.Conclusion: STS scoring system is well calibrated to be used in the studied population that was submitted to CABG procedures, being able to detect mortality and the majority of the investigated outcomes </subfield>
  </datafield>
  <datafield tag="530" ind1=" " ind2=" ">
    <subfield code="a">Issued also as CD</subfield>
  </datafield>
  <datafield tag="653" ind1=" " ind2="4">
    <subfield code="a">Coronary Artery Bypass Graft (CABG) </subfield>
  </datafield>
  <datafield tag="653" ind1=" " ind2="4">
    <subfield code="a">Percutaneous Coronary Intervention (PCI) </subfield>
  </datafield>
  <datafield tag="653" ind1=" " ind2="4">
    <subfield code="a">Society of Thoracic Surgeons (STS) </subfield>
  </datafield>
  <datafield tag="700" ind1="0" ind2=" ">
    <subfield code="a">Ahmed Salah Eldin Fouad , </subfield>
    <subfield code="e">Supervisor</subfield>
  </datafield>
  <datafield tag="700" ind1="0" ind2=" ">
    <subfield code="a">Magued Abdelmesseh Zikri , </subfield>
    <subfield code="e">Supervisor</subfield>
  </datafield>
  <datafield tag="700" ind1="0" ind2=" ">
    <subfield code="a">Waleed Gamal Eldin Abosenna , </subfield>
    <subfield code="e">Supervisor</subfield>
  </datafield>
  <datafield tag="856" ind1=" " ind2=" ">
    <subfield code="u">http://172.23.153.220/th.pdf</subfield>
  </datafield>
  <datafield tag="905" ind1=" " ind2=" ">
    <subfield code="a">Nazla</subfield>
    <subfield code="e">Revisor</subfield>
  </datafield>
  <datafield tag="905" ind1=" " ind2=" ">
    <subfield code="a">Shimaa</subfield>
    <subfield code="e">Cataloger</subfield>
  </datafield>
  <datafield tag="942" ind1=" " ind2=" ">
    <subfield code="2">ddc</subfield>
    <subfield code="c">TH</subfield>
  </datafield>
  <datafield tag="999" ind1=" " ind2=" ">
    <subfield code="c">78417</subfield>
    <subfield code="d">78417</subfield>
  </datafield>
  <datafield tag="952" ind1=" " ind2=" ">
    <subfield code="2">ddc</subfield>
    <subfield code="7">0</subfield>
    <subfield code="a">CUCL</subfield>
    <subfield code="b">cl210</subfield>
    <subfield code="d">2024-02-11</subfield>
    <subfield code="o">Cai01.11.05.Ph.D.2020.Jo.V</subfield>
    <subfield code="p">01010110081855000</subfield>
    <subfield code="r">2023-09-22 00:00:00</subfield>
    <subfield code="y">TH</subfield>
  </datafield>
  <datafield tag="952" ind1=" " ind2=" ">
    <subfield code="2">ddc</subfield>
    <subfield code="7">0</subfield>
    <subfield code="a">CUCL</subfield>
    <subfield code="b">cl2u8</subfield>
    <subfield code="d">2024-02-11</subfield>
    <subfield code="o">Cai01.11.05.Ph.D.2020.Jo.V</subfield>
    <subfield code="p">01020110081855000</subfield>
    <subfield code="r">2023-09-22 00:00:00</subfield>
    <subfield code="t">81855.CD     </subfield>
    <subfield code="y">CD</subfield>
  </datafield>
</record>
